Megváltozott munkaképességű munkavállalók foglalkoztatása - motivációk és integráció

Bibliográfiai részletek
Szerző: Vida Viktória
További közreműködők: Csillag Dr. Sára
Dokumentumtípus: Diplomadolgozat
Kulcsszavak:megváltozott munkaképességű munkavállalók
integráció
motiváció
Online Access:http://dolgozattar.uni-bge.hu/9698

MARC

LEADER 00000nta a2200000 i 4500
001 dolg9698
005 20161219184240.0
008 161219suuuu hu om 000 hun d
040 |a BGE Dolgozattár Repozitórium  |b hun 
041 |a hu 
100 1 |a Vida Viktória 
245 1 0 |a Megváltozott munkaképességű munkavállalók foglalkoztatása - motivációk és integráció  |c Vida Viktória  |h [elektronikus dokumentum] 
695 |a megváltozott munkaképességű munkavállalók 
695 |a integráció 
695 |a motiváció 
700 1 |a Csillag Dr. Sára  |e ths 
856 4 0 |u http://dolgozattar.uni-bge.hu/9698/1/Szakdolgozat.pdf  |z Dokumentum-elérés